000 00602nam a2200241Ia 4500
003 OSt
005 20221007075330.0
006 a|||||r|||| 00| 0
007 ta
008 221006b |||||||| |||| 00| 0 eng d
024 _a4,648
037 _cTextual
040 _aFLL
_cFLL
_beng
041 _2eng
_aeng
082 _aZ2,805, NO
100 _aSarkar S.C.
245 0 _aLaw of criminal procedure
250 _a6th
260 _aNew Delhi
_bIndia New House India
_c1990
300 _a1447p
_ccm.
942 _hZ2,805, NO
_cTEXL
_2CC
999 _c1155657
_d1155657